| 000 | 00951nam a22003017a 4500 | ||
|---|---|---|---|
| 003 | CHAP | ||
| 005 | 20220329143559.0 | ||
| 008 | 100624s1990 us a r 00010 eng d | ||
| 010 | _a98806 | ||
| 011 | _a99778 | ||
| 020 | _a0826512402 | ||
| 035 | _a110464 | ||
| 040 | _cCHAP | ||
| 082 | 0 | 4 |
_a582.130973 _bH37 |
| 100 | 1 |
_aHemmerly, Thomas E. _953507 |
|
| 245 | 1 | 0 |
_aWildflowers of the Central South _c/by Thomas E. Hemmerly |
| 260 |
_aNashville, Tenn. : _bVanderbilt University Press, _c1990 |
||
| 300 |
_ax, 121 p. : _bilus. |
||
| 590 |
_aBATCH-UPD _b10 _c20130110 _lUCH01 _h1254 |
||
| 590 |
_aBATCH-UPD _b10 _c20130410 _lUCH01 _h0815 |
||
| 590 |
_aBATCH-UPD _b10 _c20130914 _lUCH01 _h1417 |
||
| 590 |
_aCONVERSION _b10 _c20130109 _lUCH01 _h1355 |
||
| 650 | 1 | 4 |
_aFlores silvestres. _941744 |
| 650 | 1 | 4 |
_aFlores _xIdentificación. _941382 |
| 901 | _aBK | ||
| 942 | _cLIBRO | ||
| 949 |
_a582.130973 H37 _bBC _cLIBRO _d33724002200272 _eLIBRO _h112827 _i110464 _sb |
||
| 999 |
_c98806 _d98806 |
||